Historia visual de la argentina 1956-1974 /

Guardado en:
Formato: Libro
Publicado: Buenos Aires : Arte gr fico editorial argentino, 2000
Materias:
Etiquetas: Agregar Etiqueta
Sin Etiquetas, Sea el primero en etiquetar este registro!
LEADER 00421nam a22001335a 4500
001 CEM.cems010538
005 20060214000000.0
008 130507s2000##################000#0#####d
003 CEMS
082 0 4 |a CD982 
245 0 0 |a Historia visual de la argentina 1956-1974 / 
260 |a Buenos Aires :  |b Arte gr fico editorial argentino,  |c 2000 
653 |a Cd-rom-software 
859 |a CEMS  |b BIB. CEMS - 11 de abril  |h CD982  |i C394/  |p 1771.44  |t Ej.1  |v 3  |3 3